|
|
|
|
| LEADER |
00915cam a2200229 7i4500 |
| 001 |
0000023983 |
| 005 |
20091211090000.0 |
| 022 |
0 |
0 |
|a 1394-4630
|
| 090 |
0 |
0 |
|a M 641.3025
|b MAL
|
| 110 |
2 |
0 |
|a Federation of Malaysian Manufacturers (FMM)
|
| 245 |
2 |
0 |
|a FMM - MATRADE industry directory :
|b food & beverage Malaysia 2009.
|
| 250 |
0 |
0 |
|a 4th ed.
|
| 260 |
0 |
0 |
|a Kuala Lumpur:
|b FMM,
|c 2009.
|
| 300 |
# |
# |
|a 214 p.
|
| 650 |
0 |
0 |
|a Food --
|x Directories --
|z Malaysia
|
| 650 |
0 |
0 |
|a Beverages --
|x Directories --
|z Malaysia
|
| 651 |
0 |
0 |
|a Malaysia
|
| 999 |
|
|
|a JHR000182H
|b Directories
|c Malaysia
|e MATRADE Southern Regional Office
|
| 999 |
|
|
|a PNG000888H
|b Directories
|c MATRADEs Collection
|e MATRADE Northern Regional Office
|
| 999 |
|
|
|a SBH000859H
|b Directories
|c Malaysia
|e MATRADE Sabah
|
| 999 |
|
|
|a SRW000286H
|b Directories
|c Malaysia
|e MATRADE Sarawak
|
| 999 |
|
|
|a TRG000171H
|b Directories
|c MATRADEs Collection
|e MATRADE Eastern Regional Office
|